Normal view MARC view
  • Pallisé, Joan Simon

Entry Nombre Personal

Number of records used in: 1

001 - NUMERO DE CONTROL

  • campo de control: 40510

003 - IDENTIFICADOR DE NUMERO DE CONTROL

  • campo de control: UPN

005 - FECHA Y HORA DE LA ÜLTIMA TRANSACCIÓN

  • campo de control: 20210219194557.0

008 - DATOS DE LONGITUD FIJA

  • campo de control de longitud fija: nabaccnnaabn|||||||||| b |nc|||||d

035 ## - NUMERO DE CONTROL

  • Número de control: UPN11000012617

040 ## - FUENTE DE CATALOGACIÓN

  • Lenguaje de catalogación: SPA
  • Agencia de transcripción: UPN

100 1# - ENCABEZAMIENTO - NOMBRE PERSONAL

  • Nombre personal: Pallisé, Joan Simon

670 ## - FUENTE EN LA QUE SE LOCALIZARON DATOS

  • Cita de la fuente: T
  • Información localizada: La semipresencialidad como respuesta a los nuevos retos de la universidad : la visión de las universidades de la Xarxa Vives

680 ## - NOTA PUBLICA DE ACCESO PÚBLICO

  • Frase explicativa de la referencia: Profr. de Botánica en la Facultad de Faramcia de la Universidad de Barcelona dedicado a a la innovación en nuevas metodologías de aprendizaje, a la introducción de recursos docentes digitales y al diseño de nuebas herramientas de evaluación

902 ## - CATALOGADOR

  • Catalogador: EMR/220817